Publikovanie geopriestorových dát určených na detekciu plôch vhodných na parašutistickú prevádzku
Enregistré dans:
| Auteur principal: | |
|---|---|
| Autres auteurs: | |
| Format: | Manuscrit Livre |
| Langue: | slovaque |
| Publié: |
2023
|
| Sujets: | |
| Accès en ligne: | http://is.stuba.sk/zp/portal_zp.pl?podrobnosti=169178 https://opac.crzp.sk/?fn=detailBiblioForm&sid=C0DEB8E07572332BAC270D15805F |
| Tags: |
Pas de tags, Soyez le premier à ajouter un tag!
|
MARC
| LEADER | 00000ntm a22000003a 4500 | ||
|---|---|---|---|
| 001 | stuzp94230 | ||
| 003 | SK-STU | ||
| 005 | 20230920104247.8 | ||
| 007 | ta | ||
| 008 | 150427s2015----xo-----f-mn---000-0-slo-d | ||
| 040 | |a STU |b slo | ||
| 041 | 0 | |a slo | |
| 100 | 1 | |a Minarovič, Martin |u 010130 |4 aut |U SvF Stavebná fakulta |T SvF Katedra globálnej geodézie a geoinformatiky |X 92300 |U V130 |Y 13 |7 92300 | |
| 242 | 0 | 1 | |a Publication of geospatial data for detection of areas suitable for skydiving traffic |y eng |
| 245 | 1 | 0 | |a Publikovanie geopriestorových dát určených na detekciu plôch vhodných na parašutistickú prevádzku |
| 260 | |c 2023 | ||
| 650 | 4 | |a ArcGIS Pro |2 slo | |
| 650 | 4 | |a QGIS |2 slo | |
| 650 | 4 | |a grafické modelovanie |2 slo | |
| 650 | 4 | |a Python |2 slo | |
| 650 | 4 | |a ArcGIS Pro |2 eng | |
| 650 | 4 | |a QGIS |2 eng | |
| 650 | 4 | |a graphical modelling |2 eng | |
| 650 | 4 | |a Python |2 eng | |
| 700 | 1 | |a Faixová Chalachanová, Jana |u 010130 |k Z1 |4 ths |U SvF Stavebná fakulta |T SvF Katedra globálnej geodézie a geoinformatiky |X 4051 |U V130 |Y 13 |7 A000004051 | |
| 856 | 4 | |u http://is.stuba.sk/zp/portal_zp.pl?podrobnosti=169178 | |
| 856 | 4 | |u https://opac.crzp.sk/?fn=detailBiblioForm&sid=C0DEB8E07572332BAC270D15805F | |